[Event "Novosibirsk-ch op"]
[Site "Novosibirsk"]
[Date "2009.02.21"]
[Round "4"]
[White "Petenev, Konstantin"]
[Black "Timofeeva, Ekaterina"]
[Result "1/2-1/2"]
[WhiteElo "2245"]
[BlackElo "2304"]
[PlyCount "23"]
[EventDate "2009.02.18"]
[EventType "swiss"]
[EventRounds "9"]
[EventCountry "RUS"]
[SourceTitle "CBM 129 Extra"]
[Source "ChessBase"]
[SourceDate "2009.05.05"]
[SourceVersion "2"]
[SourceVersionDate "2009.05.20"]
[SourceQuality "1"]

1. e4 d6 2. d4 Nf6 3. Nc3 e5 4. Nf3 Nbd7 5. Bc4 Be7 6. 0-0 0-0 7. Re1 c6 8. a4 b6 9. d5 cxd5 10. Nxd5 Bb7 11. b3 Rc8 12. Re2 1/2-1/2

[Event "Novosibirsk-ch op"]
[Site "Novosibirsk"]
[Date "2009.02.18"]
[Round "1"]
[White "Kuzmin, Nikolai"]
[Black "Petenev, Konstantin"]
[Result "1/2-1/2"]
[WhiteElo "2123"]
[BlackElo "2245"]
[PlyCount "50"]
[EventDate "2009.02.18"]
[EventType "swiss"]
[EventRounds "9"]
[EventCountry "RUS"]
[SourceTitle "CBM 129 Extra"]
[Source "ChessBase"]
[SourceDate "2009.05.05"]
[SourceVersion "2"]
[SourceVersionDate "2009.05.20"]
[SourceQuality "1"]

1. e4 c5 2. c3 d5 3. exd5 Qxd5 4. d4 Nf6 5. Nf3 e6 6. Na3 Qd8 7. Bf4 Nc6 8. dxc5 Bxc5 9. Qxd8+ Nxd8 10. Nb5 Nd5 11. Nc7+ Nxc7 12. Bxc7 f6 13. Nd2 Nf7 14. Ne4 Be7 15. 0-0-0 Bd7 16. Be2 Rc8 17. Nd6+ Nxd6 18. Bxd6 Bc6 19. Rhe1 Bxd6 20. Rxd6 Ke7 21. Rd2 Rcd8 22. g3 Rxd2 23. Kxd2 Rd8+ 24. Ke3 e5 25. Bd3 h6 1/2-1/2

[Event "Novosibirsk Region-ch final"]
[Site "Novosibirsk"]
[Date "2008.12.12"]
[Round "8"]
[White "Korobkin, Maxim"]
[Black "Petenev, Konstantin"]
[Result "1-0"]
[WhiteElo "2333"]
[BlackElo "2255"]
[PlyCount "127"]
[EventDate "2008.12.05"]
[EventType "swiss"]
[EventRounds "9"]
[EventCountry "RUS"]
[SourceTitle "EXT 2010"]
[Source "ChessBase"]
[SourceDate "2010.11.25"]
[SourceVersion "1"]
[SourceVersionDate "2010.11.25"]
[SourceQuality "1"]

1. c4 e5 2. Nc3 Nf6 3. Nf3 Nc6 4. g3 d5 5. cxd5 Nxd5 6. Bg2 Nb6 7. d3 Be7 8. 0-0 0-0 9. a3 a5 10. Be3 Bg4 11. h3 Bh5 12. Rc1 Re8 13. Na4 Nd5 14. Bd2 Nb6 15. Nxb6 cxb6 16. Be3 b5 17. Qb3 b4 18. a4 Bf6 19. Rc5 Bg6 20. Nd2 e4 21. Nxe4 Bd4 22. Rd5 Qb6 23. Bf4 Rad8 24. Rxd8 Qxd8 25. Bg5 Qd7 26. e3 Bb6 27. g4 Kh8 28. Bf4 Ne5 29. Bxe5 Rxe5 30. f4 Rd5 31. f5 Rxd3 32. Qc4 Rxe3 33. Kh1 f6 34. fxg6 hxg6 35. Qc2 Qe7 36. Nd2 Bc7 37. Nc4 Re2 38. Qd3 Kh7 39. h4 f5 40. Qh3 Qe6 41. h5 fxg4 42. hxg6+ Kxg6 43. Qd3+ Kh6 44. Rf8 Re1+ 45. Bf1 Qc6+ 46. Kg1 Qc5+ 47. Rf2 g5 48. Qf5 Rxf1+ 49. Kxf1 Qxc4+ 50. Re2 Qf4+ 51. Qxf4 gxf4 52. Re7 Bd8 53. Rxb7 f3 54. Kf2 Bh4+ 55. Ke3 Bg5+ 56. Kf2 Bf6 57. Rb5 Bxb2 58. Rxa5 b3 59. Rb5 Bd4+ 60. Kg3 f2 61. Kg2 b2 62. a5 Kg6 63. a6 Kf6 64. Rxb2 1-0

[Event "Izmailov Memorial op 12th"]
[Site "Tomsk"]
[Date "2008.07.02"]
[Round "8"]
[White "Lavrov, Maxim"]
[Black "Petenev, Konstantin"]
[Result "0-1"]
[WhiteElo "2351"]
[BlackElo "2238"]
[PlyCount "84"]
[EventDate "2008.06.25"]
[EventType "swiss"]
[EventRounds "9"]
[EventCountry "RUS"]
[SourceTitle "CBM 125 Extra"]
[Source "ChessBase"]
[SourceDate "2008.09.01"]
[SourceVersion "1"]
[SourceVersionDate "2008.09.01"]
[SourceQuality "1"]

1. e4 c5 2. c3 d5 3. exd5 Qxd5 4. d4 e6 5. Nf3 Nf6 6. Na3 Qd8 7. Nc4 Be7 8. Be2 0-0 9. 0-0 b6 10. Bf4 Bb7 11. dxc5 Bxc5 12. Nd6 Bd5 13. Nb5 a6 14. Nc7 Bxf3 15. Bxf3 Ra7 16. b4 Be7 17. Qxd8 Rxd8 18. b5 g5 19. Be5 Nfd7 20. Bg3 Nc5 21. bxa6 Nbxa6 22. Nb5 Rad7 23. h3 Bf6 24. Rab1 Na4 25. c4 Rd2 26. a3 N6c5 27. Rfd1 Nb2 28. Rxd2 Rxd2 29. Bc7 Nxc4 30. Rc1 Ne5 31. Bxb6 Nxf3+ 32. gxf3 Nd3 33. Rc8+ Kg7 34. Be3 Rd1+ 35. Kg2 Ra1 36. Nd6 Be5 37. Nc4 Bf6 38. Bd2 Ra2 39. Kf1 Nf4 40. Bxf4 gxf4 41. Nd6 Be5 42. Ne4 Rxa3 0-1

[Event "Izmailov Memorial op 12th"]
[Site "Tomsk"]
[Date "2008.06.27"]
[Round "3"]
[White "Petenev, Konstantin"]
[Black "Mihajlovskij, Sergei"]
[Result "0-1"]
[WhiteElo "2238"]
[BlackElo "2476"]
[PlyCount "80"]
[EventDate "2008.06.25"]
[EventType "swiss"]
[EventRounds "9"]
[EventCountry "RUS"]
[SourceTitle "CBM 125 Extra"]
[Source "ChessBase"]
[SourceDate "2008.09.01"]
[SourceVersion "1"]
[SourceVersionDate "2008.09.01"]
[SourceQuality "1"]

1. e4 g6 2. d4 Bg7 3. Nc3 d6 4. Be3 c6 5. Qd2 b5 6. f3 Nd7 7. g4 h5 8. gxh5 Rxh5 9. 0-0-0 Qa5 10. Kb1 Nb6 11. Nce2 Qxd2 12. Bxd2 Nf6 13. Ng3 Rh7 14. b3 Bd7 15. Ba5 0-0-0 16. h3 Rdh8 17. c4 bxc4 18. bxc4 Nh5 19. Be1 c5 20. dxc5 Nxg3 21. Bxg3 Na4 22. cxd6 Nc3+ 23. Kc1 Nxd1 24. Kxd1 Ba4+ 25. Kc1 exd6 26. Bxd6 Kd7 27. c5 Bd4 28. Kd2 Rh5 29. Ne2 Bxc5 30. Bxc5 Rxc5 31. Nc3 Bc6 32. Bd3 Rch5 33. Bc4 Ke7 34. Ke3 Rxh3 35. Rb1 g5 36. Nd5+ Kd6 37. Nf6 Rh1 38. Rb2 Re1+ 39. Kd4 Rh3 40. Rf2 Rd1+ 0-1

[Event "Izmailov Memorial op 10th"]
[Site "Tomsk"]
[Date "2006.07.17"]
[Round "6"]
[White "Tilicheev, Viacheslav"]
[Black "Petenev, Konstantin"]
[Result "0-1"]
[WhiteElo "2015"]
[BlackElo "2257"]
[PlyCount "52"]
[EventDate "2006.07.12"]
[EventType "swiss"]
[EventRounds "9"]
[EventCountry "RUS"]
[SourceTitle "EXT 2008"]
[Source "ChessBase"]
[SourceDate "2007.11.25"]
[SourceVersion "1"]
[SourceVersionDate "2007.11.25"]
[SourceQuality "1"]

1. e4 c5 2. Nf3 d6 3. d4 cxd4 4. Nxd4 Nf6 5. Nc3 g6 6. Be3 Bg7 7. f3 Nc6 8. Qd2 0-0 9. 0-0-0 Nxd4 10. Bxd4 Be6 11. Kb1 Qc7 12. Nd5 Bxd5 13. exd5 Rac8 14. Be3 Nxd5 15. Bf2 Nb6 16. Re1 Na4 17. c3 b5 18. Re4 d5 19. Rh4 b4 20. Qc2 Nxb2 21. Kxb2 bxc3+ 22. Kc1 Rb8 23. Bg3 Qc5 24. Bxb8 Qe3+ 25. Kd1 Rxb8 26. Bd3 Rb1+ 0-1

[Event "Capital of Sibiria op"]
[Site "Novosibirsk"]
[Date "2002.07.27"]
[Round "9"]
[White "Dudko, Alexander"]
[Black "Petenev, Konstantin"]
[Result "1/2-1/2"]
[WhiteElo "2209"]
[BlackElo "2055"]
[PlyCount "121"]
[EventDate "2002.07.19"]
[EventType "swiss"]
[EventRounds "9"]
[EventCountry "RUS"]
[SourceTitle "CBM 089 Extra"]
[Source "ChessBase"]
[SourceDate "2002.09.10"]
[SourceVersion "2"]
[SourceVersionDate "2002.09.10"]
[SourceQuality "1"]

1. c4 e6 2. Nc3 Nf6 3. e4 d5 4. e5 Nfd7 5. cxd5 Nxe5 6. d4 Ng6 7. Bb5+ c6 8. dxc6 Nxc6 9. d5 exd5 10. Qxd5 Qxd5 11. Nxd5 Bd6 12. Be3 0-0 13. Rd1 Be5 14. f4 Bxb2 15. Bc5 Re8+ 16. Ne2 Bg4 17. Nc7 Nxf4 18. Nxa8 Nxe2 19. Nc7 Re5 20. Rd5 Nf4+ 21. Rxe5 Bxe5 22. g3 Nh3 23. Kd2 Bxc7 24. Bxc6 bxc6 25. Bxa7 Ng5 26. Ke3 Be6 27. a4 Bd5 28. Rb1 Kf8 29. Bb6 Bd6 30. a5 Bc4 31. a6 Bxa6 32. Ra1 Bb5 33. Ra8+ Ke7 34. Bd8+ Ke6 35. Bxg5 Kf5 36. Bf4 Bc5+ 37. Kf3 Bc4 38. g4+ Kf6 39. Re8 Bd5+ 40. Kg3 Bd4 41. h4 h6 42. Bd6 Be6 43. Kf4 g5+ 44. Kg3 Be5+ 45. Bxe5+ Kxe5 46. Rh8 gxh4+ 47. Kxh4 c5 48. Rxh6 Bd5 49. g5 Be4 50. Rf6 Bg6 51. Kg3 Kd4 52. Kf2 Kd3 53. Ke1 Bh5 54. Rh6 Bg6 55. Rh4 c4 56. Kd1 c3 57. Kc1 Ke3 58. Rc4 c2 59. Rc7 Kf4 60. Rxf7+ Bxf7 61. Kxc2 1/2-1/2

[Event "Capital of Sibiria op"]
[Site "Novosibirsk"]
[Date "2002.07.25"]
[Round "7"]
[White "Emelyanov, Yury Nikolaevich"]
[Black "Petenev, Konstantin"]
[Result "0-1"]
[WhiteElo "2173"]
[BlackElo "2055"]
[PlyCount "94"]
[EventDate "2002.07.19"]
[EventType "swiss"]
[EventRounds "9"]
[EventCountry "RUS"]
[SourceTitle "CBM 089 Extra"]
[Source "ChessBase"]
[SourceDate "2002.09.10"]
[SourceVersion "2"]
[SourceVersionDate "2002.09.10"]
[SourceQuality "1"]

1. e4 e6 2. d4 d5 3. Nd2 Nf6 4. e5 Nfd7 5. f4 c5 6. c3 Nc6 7. Ndf3 Qb6 8. g3 cxd4 9. cxd4 Bb4+ 10. Kf2 g5 11. Be3 gxf4 12. gxf4 Be7 13. b3 Nf8 14. Ne2 Bd7 15. Nc3 0-0-0 16. Na4 Qa5 17. a3 b5 18. Bd2 Qa6 19. Nc3 Qb6 20. Nxb5 Nxe5 21. Nxa7+ Qxa7 22. fxe5 Ng6 23. Be3 f5 24. Qd3 Kb7 25. b4 Rc8 26. Rg1 Ba4 27. Rc1 Rxc1 28. Bxc1 Rc8 29. Be2 Rc4 30. Qd2 Bh4+ 31. Nxh4 Rxd4 32. Qe3 f4 33. Qc3 Rc4+ 34. Be3 fxe3+ 35. Qxe3 Qxe3+ 36. Kxe3 Rxh4 37. Bg4 Bd7 38. h3 Nxe5 39. Kf4 Nxg4 40. hxg4 h5 41. Ke5 Rxg4 42. Rh1 Kc6 43. Rxh5 Re4+ 44. Kf6 Kd6 45. Rh1 Re3 46. Ra1 Rf3+ 47. Kg5 Ba4 0-1

[Event "Capital of Sibiria op"]
[Site "Novosibirsk"]
[Date "2002.07.22"]
[Round "4"]
[White "Nebylitsin, Nikolai"]
[Black "Petenev, Konstantin"]
[Result "1-0"]
[WhiteElo "2207"]
[BlackElo "2055"]
[PlyCount "73"]
[EventDate "2002.07.19"]
[EventType "swiss"]
[EventRounds "9"]
[EventCountry "RUS"]
[SourceTitle "CBM 089 Extra"]
[Source "ChessBase"]
[SourceDate "2002.09.10"]
[SourceVersion "2"]
[SourceVersionDate "2002.09.10"]
[SourceQuality "1"]

1. d4 c5 2. dxc5 e6 3. Nc3 Nf6 4. Bf4 Bxc5 5. Bd6 Qa5 6. Bxc5 Qxc5 7. e4 b6 8. Bd3 Bb7 9. Nf3 d5 10. exd5 Nxd5 11. Bb5+ Nc6 12. Nxd5 0-0-0 13. Nxb6+ Qxb6 14. Qe2 Nd4 15. Nxd4 Rxd4 16. 0-0 Re4 17. Qd3 Rd8 18. Qc3+ Kb8 19. Qg3+ Ka8 20. Rad1 Red4 21. Rxd4 Qxd4 22. b3 f5 23. Bd3 f4 24. Qg4 e5 25. Bxh7 a6 26. h3 Qd6 27. Re1 Qd2 28. Qe2 Qa5 29. Be4 Re8 30. Bxb7+ Kxb7 31. Qe4+ Ka7 32. Rd1 Qc7 33. c4 g5 34. Qd5 e4 35. Qd7 Qxd7 36. Rxd7+ Kb6 37. Rd5 1-0